000 00507nam a2200169 i 4500
001 83955
003 ES-MaACL
005 20230906174924.0
007 t|
008 041118s1968 sp ||||1| spa d
100 1 _aJagu, Amand.
_965921
245 1 0 _aHorizontes de la persona /
_cA. Jagu ; prefacio de Paul Barrau ; [versión castellana de Paul Barrau].
260 _aBarcelona :
_bHerder,
_c1968.
300 _a358 p. ;
_c20 cm.
700 1 _aBarrau, Paul.
_925862
852 _aES-MaACL
_jC-34743
_bR.67225
999 _c83955
_d83955